[Event "Ghent op 43rd"]
[Site "Ghent"]
[Date "2022.07.23"]
[Round "7"]
[White "Torn, Bert"]
[Black "Van den Bosch, Arno"]
[Result "1/2-1/2"]
[WhiteElo "2144"]
[BlackElo "2028"]
[PlyCount "45"]
[EventDate "2022.07.20"]
[EventType "swiss"]
[EventRounds "9"]
[EventCountry "BEL"]
[SourceTitle "CBM 209 Extra"]
[Source "ChessBase"]
[SourceDate "2022.09.30"]
[SourceVersion "1"]
[SourceVersionDate "2022.09.30"]
[SourceQuality "1"]

1. e4 c5 2. Nf3 e6 3. g3 Nc6 4. Bg2 d6 5. 0-0 Nge7 6. c3 d5 7. e5 b5 8. d4 cxd4 9. cxd4 Qb6 10. Nc3 Bd7 11. Be3 Nf5 12. g4 Nfe7 13. h4 h6 14. Qd2 Na5 15. b3 0-0-0 16. Rfc1 Kb8 17. Ne2 Nec6 18. Ne1 h5 19. g5 g6 20. Nd3 Rc8 21. Nc5 Rc7 22. Nf4 Ne7 23. Nxd7+ 1/2-1/2

[Event "Brasschaat op 16th"]
[Site "Brasschaat"]
[Date "2016.08.24"]
[Round "5"]
[White "Grochal, Joey"]
[Black "Van den Bosch, Arno"]
[Result "1-0"]
[WhiteElo "2196"]
[BlackElo "1926"]
[PlyCount "57"]
[EventDate "2016.08.20"]
[EventType "swiss"]
[EventRounds "9"]
[EventCountry "BEL"]
[SourceTitle "CBM 174 Extra"]
[Source "ChessBase"]
[SourceDate "2016.10.10"]
[SourceVersion "1"]
[SourceVersionDate "2016.10.10"]
[SourceQuality "1"]

1. d4 Nf6 2. c4 e6 3. Nc3 Bb4 4. e3 b6 5. Bd3 Bb7 6. f3 c5 7. Nge2 0-0 8. a3 Bxc3+ 9. bxc3 d5 10. cxd5 exd5 11. 0-0 Nbd7 12. g4 Qe7 13. Ng3 g6 14. Re1 Qd6 15. Ra2 b5 16. Bxb5 Ba6 17. Bxa6 Qxa6 18. g5 Ne8 19. e4 Nd6 20. dxc5 Nxc5 21. Rd2 Nb5 22. exd5 Nxc3 23. Qc2 N3a4 24. Ne4 Nxe4 25. fxe4 Rac8 26. Qd3 Qb6+ 27. Rf2 Nc5 28. Qd4 Rfe8 29. Bb2 1-0

[Event "BEL-ch U16"]
[Site "Blankenberge"]
[Date "2014.04.16"]
[Round "6"]
[White "Slagter, Maxim"]
[Black "Van den Bosch, Arno"]
[Result "1/2-1/2"]
[WhiteElo "1496"]
[BlackElo "1738"]
[PlyCount "56"]
[EventDate "2014.04.??"]
[EventType "swiss"]
[EventRounds "9"]
[EventCountry "BEL"]
[SourceTitle "EXT 2015"]
[Source "ChessBase"]
[SourceDate "2014.11.20"]
[SourceVersion "1"]
[SourceVersionDate "2014.11.20"]
[SourceQuality "1"]

1. e4 c5 2. Nf3 d6 3. d4 cxd4 4. Nxd4 Nf6 5. Nc3 g6 6. Be3 Bg7 7. f3 0-0 8. Qd2 Nc6 9. Bc4 Nd7 10. Bb3 Nb6 11. 0-0-0 Na5 12. Bh6 Nbc4 13. Qg5 e5 14. Nde2 Bf6 15. Qg3 Bh4 16. Rxd6 Nxd6 17. Qxe5 Nxb3+ 18. axb3 Bf6 19. Qg3 Re8 20. Rd1 Qa5 21. Qxd6 Qa1+ 22. Kd2 Qxd1+ 23. Kxd1 Rd8 24. Qxd8+ Bxd8 25. Nd5 Be6 26. Nec3 Rc8 27. Be3 Bxd5 28. Nxd5 a6 1/2-1/2

[Event "Leuven op 25th"]
[Site "Leuven"]
[Date "2013.11.09"]
[Round "2"]
[White "Van den Bosch, Arno"]
[Black "Sarrau, Jelle"]
[Result "0-1"]
[WhiteElo "1716"]
[BlackElo "2306"]
[PlyCount "38"]
[EventDate "2013.11.08"]
[EventType "swiss"]
[EventRounds "7"]
[EventCountry "BEL"]
[SourceTitle "EXT 2014"]
[Source "ChessBase"]
[SourceDate "2013.11.20"]
[SourceVersion "1"]
[SourceVersionDate "2013.11.20"]
[SourceQuality "1"]

1. e4 c5 2. Nc3 a6 3. g3 b5 4. Bg2 Bb7 5. Nge2 Nf6 6. d3 e6 7. 0-0 b4 8. Na4 d6 9. Be3 Nbd7 10. b3 Qc7 11. c3 a5 12. cxb4 axb4 13. a3 bxa3 14. Nec3 Bc6 15. f4 Be7 16. e5 dxe5 17. Nb5 Qb7 18. Bxc6 Qxc6 19. Qf3 e4 0-1

[Event "BEL-ch U14"]
[Site "Houffalize"]
[Date "2011.04.18"]
[Round "3"]
[White "Van den Bosch, Arno"]
[Black "De Vleeschauwer, Maarten"]
[Result "0-1"]
[WhiteElo "1467"]
[BlackElo "1901"]
[PlyCount "76"]
[EventDate "2011.04.17"]
[EventType "swiss"]
[EventRounds "9"]
[EventCountry "BEL"]
[SourceTitle "EXT 2012"]
[Source "ChessBase"]
[SourceDate "2011.11.24"]
[SourceVersion "1"]
[SourceVersionDate "2011.11.24"]
[SourceQuality "1"]

1. e4 c5 2. Nc3 e6 3. f4 Nf6 4. Nf3 a6 5. e5 Nd5 6. Nxd5 exd5 7. c3 Nc6 8. d4 d6 9. Be2 cxd4 10. cxd4 dxe5 11. fxe5 Bb4+ 12. Bd2 Qb6 13. Bc3 0-0 14. 0-0 Bxc3 15. bxc3 Bf5 16. Qb3 Qxb3 17. axb3 Rac8 18. c4 Be4 19. cxd5 Bxd5 20. Rab1 Rfd8 21. Rfd1 Rc7 22. Ne1 Rcd7 23. Bg4 Be6 24. Bxe6 fxe6 25. Nf3 Nxd4 26. Nxd4 Rxd4 27. Rxd4 Rxd4 28. Rc1 Rb4 29. Rc3 g5 30. Rg3 h6 31. Kf2 Kg7 32. Rc3 Kg6 33. Rh3 a5 34. Rc3 Kf5 35. g3 b5 36. Kf3 a4 37. bxa4 bxa4 38. Rc5 Rb3+ 0-1